London Underground - DLR - Statistics

General Stats
  • This quiz has been taken 191 times
  • The average score is 29 of 45
Answer Stats
Station % Correct
Canary Wharf
85%
Lewisham
82%
Stratford
82%
Shadwell
79%
Greenwich
77%
Poplar
77%
Bank
74%
East India
74%
Beckton
71%
Limehouse
71%
London City Airport
71%
West India Quay
70%
Cutty Sark
68%
Heron Quays
68%
Island Gardens
68%
Beckton Park
66%
Cyprus
66%
Deptford Bridge
66%
Star Lane
66%
Stratford High Street
66%
Stratford International
66%
King George V
64%
South Quay
64%
Westferry
64%
Woolwich Arsenal
64%
Custom House
63%
Mudchute
63%
Royal Victoria
63%
Abbey Road
62%
Elverson Road
62%
Tower Gateway
62%
Canning Town
60%
Royal Albert
60%
All Saints
59%
Crossharbour
59%
Pontoon Dock
58%
Bow Church
56%
Prince Regeant
56%
Pudding Mill Lane
56%
West Silvertown
55%
Blackwall
53%
Devons Road
51%
Langdon Park
49%
West Ham
49%
Gallions Reach
45%
No matching quizzes found
Score Distribution
Percent of People with Each Score
Percentile by Number Answered
Your Score History
You have not taken this quiz